Sliced TV Shows Quiz Stats

 Plays Quiz Updated Aug 11, 2016

Also try: Sliced Movies
Challenge
Share
Tweet
Score 0/25 Timer 06:00
1 Play Today
% Correct
Game of Thrones
95.6%
The Big Bang Theory
95.3%
The Office
92.5%
Orange Is the New Black
90.7%
Modern Family
84.8%
How I Met Your Mother
84.7%
Downton Abbey
84.1%
Friends
82.8%
The Walking Dead
82.5%
Parks and Recreation
81.6%
Two and a Half Men
72.3%
Friday Night Lights
70.5%
Lost
68%
% Correct
The Sopranos
65.9%
It's Always Sunny in Philadelphia
64.2%
The West Wing
63.9%
Desperate Housewives
62.8%
Frasier
53.8%
Arrested Development
47.3%
Deadwood
43.9%
Prison Break
42.7%
Breaking Bad
38.7%
The Wire
34.5%
Marvel's Agents of S.H.I.E.L.D.
31.2%
Penny Dreadful
26.3%

You're not logged in!

Compare scores with friends on all Sporcle quizzes.
Join for Free
OR
Log In

You Might Also Like...

Show Comments

Extras

Top Quizzes Today


Score Distribution

Your Account Isn't Verified!

In order to create a playlist on Sporcle, you need to verify the email address you used during registration. Go to your Sporcle Settings to finish the process.

Report this User

Report this user for behavior that violates our Community Guidelines.

Details: